000 00630nam a2200241Ia 4500
005 20260121111819.0
008 1040 260114s9999 xx 000 0 eng d
020 _a9789814329309
037 _aEBOOK
040 _aCRL
_beng
_cCRL
041 _aeng
_2eng
084 _qCRL
100 _aSagawa Hiroyuki Et Al
_9947703
245 0 _aFundamentals of Quantum Information
260 _bWorld Scientific
260 _bWSPC
260 _c2010
650 _aPhysics
_9947704
856 _uhttps://www.worldscientific.com/worldscibooks/10.1142/7915#t=toc
942 _cEBOOK
999 _c1538340
_d1538340